[Event "Stay Safe Play From Home 257"]
[Site "Emanuel Lasker Arena"]
[Date "2020.06.26"]
[Round "2"]
[White "Chase the sun"]
[Black "little champs"]
[Result "0-1"]
[WhiteElo "1847"]
[BlackElo "2200"]
[PlyCount "72"]
[EventDate "2020.06.26"]
[EventType "swiss (blitz)"]

1. e4 {[%emt 0:00:05]} c5 {[%emt 0:00:07]} 2. Nc3 {[%emt 0:00:01]} d6 {[%emt 0:00:01]} 3. f4 {[%emt 0:00:00]} Nc6 {[%emt 0:00:02]} 4. Nf3 {[%emt 0:00:00]} e6 {[%emt 0:00:00]} 5. Bc4 {[%emt 0:00:00]} Nf6 {[%emt 0:00:00]} 6. Bb3 {[%emt 0:00:00]} Be7 {[%emt 0:00:01]} 7. d3 {[%emt 0:00:00]} O-O {[%emt 0:00:00]} 8. O-O {[%emt 0:00:00]} d5 {[%emt 0:00:00]} 9. Qe1 {[%emt 0:00:00]} d4 {[%emt 0:00:01]} 10. Ne2 {[%emt 0:00:02]} a5 {[%emt 0:00:01]} 11. a4 {[%emt 0:00:01]} Nb4 {[%emt 0:00:01]} 12. h3 {[%emt 0:00:01]} b6 {[%emt 0:00:00]} 13. g4 {[%emt 0:00:01]} Bb7 {[%emt 0:00:00]} 14. g5 {[%emt 0:00:00]} Nd7 {[%emt 0:00:00]} 15. f5 {[%emt 0:00:04]} exf5 {[%emt 0:00:01]} 16. exf5 {[%emt 0:00:00]} Bd6 {[%emt 0:00:01]} 17. Qh4 {[%emt 0:00:04]} Qc7 {[%emt 0:00:01]} 18. f6 {[%emt 0:00:03]} Rfe8 {[%emt 0:00:08]} 19. fxg7 {[%emt 0:00:01]} Rxe2 {[%emt 0:00:03]} 20. g6 {[%emt 0:00:07]} Nf6 {[%emt 0:00:21]} 21. Qxf6 {[%emt 0:00:08]} hxg6 {[%emt 0:00:00]} 22. Bxf7+ {[%emt 0:00:14]} Qxf7 {[%emt 0:00:01]} 23. Qxf7+ {[%emt 0:00:00]} Kxf7 {[%emt 0:00:01]} 24. Ng5+ {[%emt 0:00:01]} Kxg7 {[%emt 0:00:01]} 25. Ne4 {[%emt 0:00:00]} Rxe4 {[%emt 0:00:01]} 26. dxe4 {[%emt 0:00:01]} Bxe4 {[%emt 0:00:00]} 27. Bf4 {[%emt 0:00:00]} Nxc2 {[%emt 0:00:00]} 28. Bxd6 {[%emt 0:00:02]} Nxa1 {[%emt 0:00:00]} 29. Be5+ {[%emt 0:00:00]} Kh6 {[%emt 0:00:01]} 30. Rf4 {[%emt 0:00:00]} Re8 {[%emt 0:00:00]} 31. Rh4+ {[%emt 0:00:01]} Kg5 {[%emt 0:00:00]} 32. Rg4+ {[%emt 0:00:00]} Kf5 {[%emt 0:00:01]} 33. Bf4 {[%emt 0:00:00]} Re5 {[%emt 0:00:00]} 34. h4 {[%emt 0:00:01]} Bf3 {[%emt 0:00:01]} 35. h5 {[%emt 0:00:00]} Kxg4 {[%emt 0:00:01]} 36. Kf2 {[%emt 0:00:00]} Kxf4 {[%emt 0:00:00] Zeit (Lag: Av=0.63s, max=0.9s)} 0-1

[Event "Stay Safe Play From Home 257"]
[Site "Emanuel Lasker Arena"]
[Date "2020.06.26"]
[Round "2"]
[White "Edmatuag"]
[Black "Buzaglo"]
[Result "1-0"]
[WhiteElo "1592"]
[BlackElo "1895"]
[Annotator "NA"]
[PlyCount "39"]
[EventDate "2020.06.26"]
[EventType "swiss (blitz)"]

1. d4 {[%emt 0:00:01]} e6 {[%emt 0:00:00]} 2. Nf3 {[%emt 0:00:01]} d5 {[%emt 0:00:00]} 3. e3 {[%emt 0:00:00]} Nf6 {[%emt 0:00:00]} 4. Bd2 {[%emt 0:00:00]} Be7 {[%emt 0:00:00]} 5. Nc3 {[%emt 0:00:01]} O-O {[%emt 0:00:00]} 6. Bd3 {[%emt 0:00:01]} c5 {[%emt 0:00:00]} 7. a3 {[%emt 0:00:01]} c4 {[%emt 0:00:00]} 8. Be2 {[%emt 0:00:01]} Nc6 {[%emt 0:00:00]} 9. e4 {[%emt 0:00:01]} dxe4 {[%emt 0:00:01]} 10. Ng5 {[%emt 0:00:01]} e5 {[%emt 0:00:02]} 11. d5 {[%emt 0:00:02]} Nd4 {[%emt 0:00:02]} 12. Ngxe4 {[%emt 0:00:02]} Nxe2 {[%emt 0:00:01]} 13. Qxe2 {[%emt 0:00:01]} Bd6 {[%emt 0:00:02]} 14. Bg5 {[%emt 0:00:02]} h6 {[%emt 0:00:03]} 15. Nxf6+ {[%emt 0:00:03]} gxf6 {[%emt 0:00:00]} 16. Bxh6 {[%emt 0:00:01]} Re8 {[%emt 0:00:01]} 17. Qe3 {[%emt 0:00:03]} f5 {[%emt 0:00:02]} 18. Qg3+ {[%emt 0:00:01]} Qg5 {[%emt 0:00:14]} 19. Qxg5+ {[%emt 0:00:03]} Kh7 {[%emt 0:00:01]} 20. Qg7# {[%emt 0:00:01] (Lag: Av=0.57s, max=1.4s)} 1-0

[Event "Stay Safe Play From Home 257"]
[Site "Emanuel Lasker Arena"]
[Date "2020.06.26"]
[Round "2"]
[White "Topspin"]
[Black "Haxhi Baha"]
[Result "0-1"]
[WhiteElo "1287"]
[BlackElo "1937"]
[PlyCount "64"]
[EventDate "2020.06.26"]
[EventType "swiss (blitz)"]

1. e4 {[%emt 0:00:02]} e6 {[%emt 0:00:01]} 2. Nf3 {[%emt 0:00:01]} d5 {[%emt 0:00:00]} 3. exd5 {[%emt 0:00:01]} exd5 {[%emt 0:00:01]} 4. d4 {[%emt 0:00:00]} c6 {[%emt 0:00:00]} 5. Bd3 {[%emt 0:00:01]} Nf6 {[%emt 0:00:00]} 6. O-O {[%emt 0:00:00]} Be7 {[%emt 0:00:00]} 7. Re1 {[%emt 0:00:00]} O-O {[%emt 0:00:00]} 8. Bg5 {[%emt 0:00:01]} Re8 {[%emt 0:00:01]} 9. Bxf6 {[%emt 0:00:01]} Bxf6 {[%emt 0:00:01]} 10. Rxe8+ {[%emt 0:00:00]} Qxe8 {[%emt 0:00:00]} 11. Nbd2 {[%emt 0:00:01]} Bg4 {[%emt 0:00:01]} 12. c3 {[%emt 0:00:01]} Nd7 {[%emt 0:00:01]} 13. Qc2 {[%emt 0:00:01]} h6 {[%emt 0:00:00]} 14. Re1 {[%emt 0:00:01]} Qd8 {[%emt 0:00:01]} 15. Nb3 {[%emt 0:00:01]} b6 {[%emt 0:00:01]} 16. Qe2 {[%emt 0:00:07]} c5 {[%emt 0:00:03]} 17. dxc5 {[%emt 0:00:02]} bxc5 {[%emt 0:00:00]} 18. Bb1 {[%emt 0:00:03]} Qc7 {[%emt 0:00:02]} 19. h3 {[%emt 0:00:02]} Bxf3 {[%emt 0:00:05]} 20. Qxf3 {[%emt 0:00:02]} Qd6 {[%emt 0:00:03]} 21. Rd1 {[%emt 0:00:02]} a5 {[%emt 0:00:01]} 22. Rxd5 {[%emt 0:00:04]} Qe6 {[%emt 0:00:10]} 23. Qd3 {[%emt 0:00:04]} Ne5 {[%emt 0:00:02]} 24. Qh7+ {[%emt 0:00:05]} Kf8 {[%emt 0:00:01]} 25. Qh8+ {[%emt 0:00:01]} Ke7 {[%emt 0:00:01]} 26. Rxe5 {[%emt 0:00:02]} Qxe5 {[%emt 0:00:03]} 27. Qxa8 {[%emt 0:00:00]} Qe1+ {[%emt 0:00:01]} 28. Kh2 {[%emt 0:00:01]} Be5+ {[%emt 0:00:00]} 29. g3 {[%emt 0:00:02]} Qxf2+ {[%emt 0:00:03]} 30. Qg2 {[%emt 0:00:01]} Bxg3+ {[%emt 0:00:00]} 31. Kh1 {[%emt 0:00:03]} Qe1+ {[%emt 0:00:04]} 32. Qg1 {[%emt 0:00:02]} Qe5 {[%emt 0:00:02] Zeit (Lag: Av=0.93s, max=2.1s)} 0-1

[Event "Stay Safe Play From Home 257"]
[Site "Emanuel Lasker Arena"]
[Date "2020.06.26"]
[Round "3"]
[White "AChessPlayer"]
[Black "Broken sword"]
[Result "1-0"]
[WhiteElo "2447"]
[BlackElo "2462"]
[Annotator "TA"]
[PlyCount "95"]
[EventDate "2020.06.26"]
[EventType "swiss (blitz)"]

{[%evp 9,95,-21,18,15,12,13,4,-18,8,8,30,-27,31,-3,12,6,43,43,71,71,80,70,77,-39,364,367,346,264,390,314,431,395,443,430,462,211,327,168,308,295,386,337,328,322,304,226,395,360,407,404,374,272,400,170,616,610,618,510,545,542,631,622,631,612,577,633,615,614,637,606,1325,931,29975,1298,1236,1219,29973,29975,29972,29975,29987,29988,29988,29989,29989,29990,29990,29991]} 1. e3 d5 2. Ne2 c6 3. f4 ({Predecessor:} 3. g3 Nf6 4. Bg2 Bf5 5. d4 Nbd7 6. O-O e6 7. b3 Bd6 8. c4 h5 9. h3 Ne4 10. Nbc3 {1-0 (43) Petrak,R (1965)-Kohout,V (2195) Prague 2010}) 3... Nf6 4. b3 Bg4 5. Bb2 g6 (5... Bh5 {with more complications.} 6. Nbc3 Nbd7 7. h3 e6 8. g4 Bg6) 6. h3 {A00: Irregular Openings.} Bxe2 7. Qxe2 Bg7 8. g3 {The position is equal.} O-O 9. Bg2 Nbd7 10. O-O (10. d4 $142) 10... Ne8 ({Black should try} 10... e5 $11) 11. Bxg7 Nxg7 12. d4 f6 13. c4 e5 14. cxd5 exd4 15. dxc6 bxc6 16. Bxc6 (16. exd4 $16 Nf5 17. Rd1 (17. Bxc6 Rc8 $11)) 16... Nc5 $2 {[%mdl 8192] This move loses the game for Black.} (16... Rc8 $1 $15 {keeps the upper hand.} 17. Bd5+ Kh8) 17. Bxa8 $18 Qxa8 18. exd4 Nce6 (18... Ne4 {might work better.} 19. Qd3 Nh5) 19. Qf2 Rd8 20. Rd1 Nf5 21. Nc3 h5 22. Qg2 (22. d5 $142 Nc7 23. g4 hxg4 24. hxg4) 22... Qc8 (22... Qxg2+ $142 23. Kxg2 Ne3+ 24. Kf3 Nxd1 25. Rxd1 Nxd4+ 26. Ke4 f5+ 27. Ke5 Nf3+ 28. Kf6 Rxd1 29. Nxd1 Kh7) 23. Nd5 (23. Qe4 $142) 23... Kg7 (23... Kf7 {was worth a try.} 24. Re1 h4) 24. Re1 Qd7 25. Ne3 Nexd4 26. Nxf5+ Nxf5 27. h4 Nh6 $2 (27... Qf7 28. Qf3 Rd2) 28. Rad1 Qxd1 29. Rxd1 Rxd1+ {[%mdl 4096] Endgame KQ-KRN} 30. Kh2 Rd7 (30... Ng4+ {is a better defense.} 31. Kh3 Rh1+ {[%mdl 64] Decoy} 32. Qxh1 Nf2+ 33. Kh2 Nxh1) 31. Qc6 (31. b4 $142) 31... Rf7 $2 (31... Rd2+ 32. Kg1 Rxa2 33. Qc7+ Nf7) 32. Kg2 Ng4 33. Kf3 Re7 34. Qa6 Re3+ 35. Kg2 Re7 36. a4 Ne3+ 37. Kf3 Nf5 38. b4 Re3+ 39. Kf2 Rxg3 40. Qxa7+ Kh6 41. Qa8 (41. Qb8 $142 Kh7 42. a5 Ra3 {[#]} 43. a6 $1 {[%mdl 512]} Nxh4 44. a7 Ra2+ 45. Kf1 Ra1+ 46. Ke2 Ra2+ 47. Kd3) 41... Kg7 42. Qb7+ Kh6 43. Qc8 {[%cal Rc8h8] White mates.} Kg7 {[#]} 44. Qxf5 $3 {[%mdl 576] Remove Defender} gxf5 45. Kxg3 Kf7 46. a5 {[%cal Ba4a5,Ba5a6,Ba6a7][%mdl 32]} Ke7 47. a6 Kd7 48. a7 {Accuracy: White = 60%, Black = 24%.} 1-0

[Event "Stay Safe Play From Home 257"]
[Site "Emanuel Lasker Arena"]
[Date "2020.06.26"]
[Round "3"]
[White "SoulofWolf"]
[Black "Bardellosport"]
[Result "1-0"]
[WhiteElo "2240"]
[BlackElo "2047"]
[PlyCount "109"]
[EventDate "2020.06.26"]
[EventType "swiss (blitz)"]

1. c4 {[%emt 0:00:00]} d6 {[%emt 0:00:01]} 2. Nf3 {[%emt 0:00:00]} g6 {[%emt 0:00:00]} 3. d4 {[%emt 0:00:01]} Bg7 {[%emt 0:00:00]} 4. g3 {[%emt 0:00:01]} Nd7 {[%emt 0:00:02]} 5. Bg2 {[%emt 0:00:00]} e5 {[%emt 0:00:00]} 6. O-O {[%emt 0:00:00]} e4 {[%emt 0:00:01]} 7. Nfd2 {[%emt 0:00:01]} f5 {[%emt 0:00:01]} 8. e3 {[%emt 0:00:01]} Ngf6 {[%emt 0:00:01]} 9. Nc3 {[%emt 0:00:00]} O-O {[%emt 0:00:00]} 10. b3 {[%emt 0:00:00]} c6 {[%emt 0:00:00]} 11. a4 {[%emt 0:00:00]} Qe7 {[%emt 0:00:00]} 12. Ba3 {[%emt 0:00:00]} c5 {[%emt 0:00:01]} 13. h4 {[%emt 0:00:00]} b6 {[%emt 0:00:01]} 14. Re1 {[%emt 0:00:01]} h6 {[%emt 0:00:01]} 15. Ne2 {[%emt 0:00:02]} g5 {[%emt 0:00:01]} 16. hxg5 {[%emt 0:00:00]} hxg5 {[%emt 0:00:01]} 17. Nf1 {[%emt 0:00:00]} Ng4 {[%emt 0:00:01]} 18. Nh2 {[%emt 0:00:01]} Nxh2 {[%emt 0:00:01]} 19. Kxh2 {[%emt 0:00:00]} g4 {[%emt 0:00:00]} 20. Kg1 {[%emt 0:00:01]} Nf6 {[%emt 0:00:01]} 21. Nf4 {[%emt 0:00:00]} Qf7 {[%emt 0:00:01]} 22. Bb2 {[%emt 0:00:01]} Nh5 {[%emt 0:00:02]} 23. dxc5 {[%emt 0:00:01]} Bxb2 {[%emt 0:00:02]} 24. Rb1 {[%emt 0:00:00]} Be5 {[%emt 0:00:02]} 25. cxd6 {[%emt 0:00:00]} Bd7 {[%emt 0:00:01]} 26. b4 {[%emt 0:00:02]} Nxf4 {[%emt 0:00:01]} 27. exf4 {[%emt 0:00:01]} Bf6 {[%emt 0:00:02]} 28. c5 {[%emt 0:00:00]} bxc5 {[%emt 0:00:01]} 29. bxc5 {[%emt 0:00:00]} Rac8 {[%emt 0:00:01]} 30. Qc2 {[%emt 0:00:01]} Bc6 {[%emt 0:00:01]} 31. Bf1 {[%emt 0:00:01]} Kg7 {[%emt 0:00:02]} 32. Rbd1 {[%emt 0:00:01]} Bd5 {[%emt 0:00:01]} 33. Rd2 {[%emt 0:00:04]} Rfe8 {[%emt 0:00:01]} 34. Red1 {[%emt 0:00:01]} Rc6 {[%emt 0:00:01]} 35. Rxd5 {[%emt 0:00:01]} Rd8 {[%emt 0:00:02]} 36. Bc4 {[%emt 0:00:02]} Qg6 {[%emt 0:00:01]} 37. Kg2 {[%emt 0:00:02]} Rh8 {[%emt 0:00:02]} 38. Rh1 {[%emt 0:00:01]} Rxh1 {[%emt 0:00:01]} 39. Kxh1 {[%emt 0:00:00]} Qh5+ {[%emt 0:00:00]} 40. Kg1 {[%emt 0:00:02]} Qh3 {[%emt 0:00:02]} 41. Bf1 {[%emt 0:00:01]} Qh5 {[%emt 0:00:02]} 42. Bg2 {[%emt 0:00:02]} Bd8 {[%emt 0:00:01]} 43. Qc4 {[%emt 0:00:02]} Qf7 {[%emt 0:00:00]} 44. Qd4+ {[%emt 0:00:02]} Qf6 {[%emt 0:00:05]} 45. Qe5 {[%emt 0:00:01]} Kf7 {[%emt 0:00:02]} 46. Bf1 {[%emt 0:00:02]} Qxe5 {[%emt 0:00:02]} 47. fxe5 {[%emt 0:00:00]} Ke6 {[%emt 0:00:01]} 48. Rd1 {[%emt 0:00:03]} Rxc5 {[%emt 0:00:01]} 49. Bb5 {[%emt 0:00:00]} Bb6 {[%emt 0:00:01]} 50. Rd2 {[%emt 0:00:02]} Rxe5 {[%emt 0:00:00]} 51. d7 {[%emt 0:00:01]} Rd5 {[%emt 0:00:00]} 52. Bc4 {[%emt 0:00:01]} Kxd7 {[%emt 0:00:01]} 53. Rxd5+ {[%emt 0:00:00]} Kc7 {[%emt 0:00:00]} 54. Rxf5 {[%emt 0:00:00]} e3 {[%emt 0:00:00]} 55. Bb5 {[%emt 0:00:00] Tempo} 1-0

[Event "Stay Safe Play From Home 257"]
[Site "Emanuel Lasker Arena"]
[Date "2020.06.26"]
[Round "3"]
[White "little champs"]
[Black "Edmatuag"]
[Result "1-0"]
[WhiteElo "2203"]
[BlackElo "1621"]
[PlyCount "63"]
[EventDate "2020.06.26"]
[EventType "swiss (blitz)"]

1. d3 {[%emt 0:00:01]} c5 {[%emt 0:00:00]} 2. e4 {[%emt 0:00:00]} d6 {[%emt 0:00:00]} 3. Nf3 {[%emt 0:00:01]} Nc6 {[%emt 0:00:00]} 4. Be2 {[%emt 0:00:00]} Bg4 {[%emt 0:00:01]} 5. O-O {[%emt 0:00:00]} Nf6 {[%emt 0:00:00]} 6. h3 {[%emt 0:00:00]} Bxf3 {[%emt 0:00:01]} 7. Bxf3 {[%emt 0:00:01]} e5 {[%emt 0:00:00]} 8. c3 {[%emt 0:00:00]} Be7 {[%emt 0:00:00]} 9. Re1 {[%emt 0:00:01]} Nd7 {[%emt 0:00:02]} 10. Nd2 {[%emt 0:00:00]} Bf6 {[%emt 0:00:01]} 11. Nb3 {[%emt 0:00:01]} g6 {[%emt 0:00:01]} 12. Be3 {[%emt 0:00:01]} Qb6 {[%emt 0:00:03]} 13. Qd2 {[%emt 0:00:02]} O-O {[%emt 0:00:04]} 14. Rad1 {[%emt 0:00:01]} Rfe8 {[%emt 0:00:02]} 15. d4 {[%emt 0:00:00]} exd4 {[%emt 0:00:01]} 16. cxd4 {[%emt 0:00:00]} cxd4 {[%emt 0:00:02]} 17. Nxd4 {[%emt 0:00:00]} Nxd4 {[%emt 0:00:01]} 18. Bxd4 {[%emt 0:00:00]} Bxd4 {[%emt 0:00:01]} 19. Qxd4 {[%emt 0:00:01]} Qxd4 {[%emt 0:00:03]} 20. Rxd4 {[%emt 0:00:01]} Re6 {[%emt 0:00:04]} 21. Red1 {[%emt 0:00:01]} Nc5 {[%emt 0:00:05]} 22. Rxd6 {[%emt 0:00:02]} Rae8 {[%emt 0:00:06]} 23. Rxe6 {[%emt 0:00:01]} Rxe6 {[%emt 0:00:01]} 24. Rd8+ {[%emt 0:00:01]} Kg7 {[%emt 0:00:01]} 25. Rb8 {[%emt 0:00:01]} b6 {[%emt 0:00:03]} 26. Ra8 {[%emt 0:00:03]} a5 {[%emt 0:00:02]} 27. Rb8 {[%emt 0:00:01]} Na4 {[%emt 0:00:04]} 28. b3 {[%emt 0:00:08]} Nc3 {[%emt 0:00:01]} 29. a4 {[%emt 0:00:02]} Rd6 {[%emt 0:00:03]} 30. g3 {[%emt 0:00:02]} Rd2 {[%emt 0:00:01]} 31. e5 {[%emt 0:00:01]} Nd5 {[%emt 0:00:03]} 32. Rd8 {[%emt 0:00:04] Time (Lag: Av=0.67s, max=1.0s)} 1-0

[Event "Stay Safe Play From Home 257"]
[Site "Emanuel Lasker Arena"]
[Date "2020.06.26"]
[Round "3"]
[White "Haxhi Baha"]
[Black "Lazieri3"]
[Result "0-1"]
[WhiteElo "1938"]
[BlackElo "2058"]
[PlyCount "74"]
[EventDate "2020.06.26"]
[EventType "swiss (blitz)"]

1. e4 {[%emt 0:00:01]} c6 {[%emt 0:00:00]} 2. Nf3 {[%emt 0:00:01]} d5 {[%emt 0:00:00]} 3. Nc3 {[%emt 0:00:01]} dxe4 {[%emt 0:00:01]} 4. Nxe4 {[%emt 0:00:00]} Nf6 {[%emt 0:00:00]} 5. Nc3 {[%emt 0:00:01]} Bg4 {[%emt 0:00:02]} 6. Bc4 {[%emt 0:00:00]} e6 {[%emt 0:00:01]} 7. h3 {[%emt 0:00:01]} Bxf3 {[%emt 0:00:01]} 8. Qxf3 {[%emt 0:00:00]} Nbd7 {[%emt 0:00:00]} 9. d4 {[%emt 0:00:01]} Nb6 {[%emt 0:00:01]} 10. Bb3 {[%emt 0:00:01]} Nbd5 {[%emt 0:00:02]} 11. Bd2 {[%emt 0:00:01]} Nxc3 {[%emt 0:00:01]} 12. Bxc3 {[%emt 0:00:00]} Nd5 {[%emt 0:00:02]} 13. Bd2 {[%emt 0:00:01]} Qf6 {[%emt 0:00:00]} 14. Qd3 {[%emt 0:00:02]} Bb4 {[%emt 0:00:01]} 15. c3 {[%emt 0:00:01]} Bd6 {[%emt 0:00:03]} 16. g3 {[%emt 0:00:02]} h5 {[%emt 0:00:02]} 17. f4 {[%emt 0:00:01]} h4 {[%emt 0:00:01]} 18. O-O-O {[%emt 0:00:03]} hxg3 {[%emt 0:00:01]} 19. c4 {[%emt 0:00:01]} Nxf4 {[%emt 0:00:01]} 20. Qe4 {[%emt 0:00:04]} O-O-O {[%emt 0:00:08]} 21. c5 {[%emt 0:00:03]} Bc7 {[%emt 0:00:01]} 22. Rhf1 {[%emt 0:00:01]} g5 {[%emt 0:00:02]} 23. Rf3 {[%emt 0:00:02]} Rxh3 {[%emt 0:00:02]} 24. Rg1 {[%emt 0:00:02]} g2 {[%emt 0:00:03]} 25. Rxh3 {[%emt 0:00:01]} Nxh3 {[%emt 0:00:00]} 26. Rxg2 {[%emt 0:00:02]} Qf1+ {[%emt 0:00:01]} 27. Bd1 {[%emt 0:00:09]} Nf4 {[%emt 0:00:01]} 28. Rxg5 {[%emt 0:00:05]} Rxd4 {[%emt 0:00:01]} 29. Rg8+ {[%emt 0:00:04]} Kd7 {[%emt 0:00:04]} 30. Qxd4+ {[%emt 0:00:01]} Nd5 {[%emt 0:00:02]} 31. Kc2 {[%emt 0:00:02]} Qf4 {[%emt 0:00:01]} 32. Bxf4 {[%emt 0:00:01]} Bxf4 {[%emt 0:00:00]} 33. Bf3 {[%emt 0:00:01]} Ke7 {[%emt 0:00:02]} 34. Bxd5 {[%emt 0:00:01]} cxd5 {[%emt 0:00:00]} 35. Rc8 {[%emt 0:00:02]} e5 {[%emt 0:00:03]} 36. Qb4 {[%emt 0:00:01]} Ke6 {[%emt 0:00:01]} 37. Qxb7 {[%emt 0:00:00]} Kf5 {[%emt 0:00:00]} 0-1

[Event "Stay Safe Play From Home 257"]
[Site "Emanuel Lasker Arena"]
[Date "2020.06.26"]
[Round "3"]
[White "Buzaglo"]
[Black "Topspin"]
[Result "1-0"]
[WhiteElo "1866"]
[BlackElo "1286"]
[Annotator "NA"]
[PlyCount "57"]
[EventDate "2020.06.26"]
[EventType "swiss (blitz)"]

1. d4 {[%emt 0:00:02]} Nf6 {[%emt 0:00:02]} 2. Nf3 {[%emt 0:00:00]} e6 {[%emt 0:00:01]} 3. g3 {[%emt 0:00:00]} d5 {[%emt 0:00:00]} 4. Bg2 {[%emt 0:00:00]} b6 {[%emt 0:00:01]} 5. Kf1 {[%emt 0:00:00]} Bb7 {[%emt 0:00:01]} 6. Bh3 {[%emt 0:00:00]} Nbd7 {[%emt 0:00:01]} 7. Kg2 {[%emt 0:00:01]} Bd6 {[%emt 0:00:01]} 8. Re1 {[%emt 0:00:01]} O-O {[%emt 0:00:01]} 9. Kg1 {[%emt 0:00:00]} c6 {[%emt 0:00:02]} 10. Bg2 {[%emt 0:00:00]} Qc7 {[%emt 0:00:01]} 11. Nbd2 {[%emt 0:00:00]} Rae8 {[%emt 0:00:01]} 12. c4 {[%emt 0:00:00]} Bb4 {[%emt 0:00:03]} 13. a3 {[%emt 0:00:02]} Bxd2 {[%emt 0:00:01]} 14. Bxd2 {[%emt 0:00:00]} dxc4 {[%emt 0:00:04]} 15. Rc1 {[%emt 0:00:01]} b5 {[%emt 0:00:01]} 16. b3 {[%emt 0:00:01]} cxb3 {[%emt 0:00:03]} 17. Qxb3 {[%emt 0:00:00]} a5 {[%emt 0:00:04]} 18. Qxb5 {[%emt 0:00:02]} cxb5 {[%emt 0:00:03]} 19. Rxc7 {[%emt 0:00:01]} Bxf3 {[%emt 0:00:00]} 20. Bxf3 {[%emt 0:00:02]} Rc8 {[%emt 0:00:05]} 21. Bxa5 {[%emt 0:00:01]} Rxc7 {[%emt 0:00:01]} 22. Bxc7 {[%emt 0:00:00]} Rc8 {[%emt 0:00:01]} 23. Bd6 {[%emt 0:00:01]} Rc2 {[%emt 0:00:02]} 24. Bb4 {[%emt 0:00:03]} Nb6 {[%emt 0:00:02]} 25. e4 {[%emt 0:00:02]} Nc4 {[%emt 0:00:03]} 26. d5 {[%emt 0:00:02]} exd5 {[%emt 0:00:03]} 27. exd5 {[%emt 0:00:00]} g6 {[%emt 0:00:05]} 28. d6 {[%emt 0:00:01]} Nxd6 {[%emt 0:00:03]} 29. Bxd6 {[%emt 0:00:01] Topspin gibt auf (Lag: Av=0.82s, max=6.0s)} 1-0

[Event "Stay Safe Play From Home 257"]
[Site "Emanuel Lasker Arena"]
[Date "2020.06.26"]
[Round "4"]
[White "Broken sword"]
[Black "Fischer_11"]
[Result "1-0"]
[WhiteElo "2444"]
[BlackElo "1907"]
[Annotator "NA"]
[PlyCount "99"]
[EventDate "2020.06.26"]
[EventType "swiss (blitz)"]

1. d4 {[%emt 0:00:01]} e5 {[%emt 0:00:01]} 2. dxe5 {[%emt 0:00:01]} Nc6 {[%emt 0:00:00]} 3. Nf3 {[%emt 0:00:00]} Qe7 {[%emt 0:00:01]} 4. Nbd2 {[%emt 0:00:02]} Nxe5 {[%emt 0:00:01]} 5. Nxe5 {[%emt 0:00:00]} Qxe5 {[%emt 0:00:00]} 6. Nf3 {[%emt 0:00:00]} Qh5 {[%emt 0:00:00]} 7. Bf4 {[%emt 0:00:01]} Nf6 {[%emt 0:00:00]} 8. Bxc7 {[%emt 0:00:01]} d5 {[%emt 0:00:00]} 9. Bg3 {[%emt 0:00:01]} Bg4 {[%emt 0:00:01]} 10. Bf4 {[%emt 0:00:04]} Bb4+ {[%emt 0:00:02]} 11. c3 {[%emt 0:00:01]} Ba5 {[%emt 0:00:00]} 12. e3 {[%emt 0:00:01]} Bb6 {[%emt 0:00:03]} 13. Be2 {[%emt 0:00:01]} O-O {[%emt 0:00:00]} 14. h3 {[%emt 0:00:01]} Ne4 {[%emt 0:00:02]} 15. O-O {[%emt 0:00:01]} Bxh3 {[%emt 0:00:04]} 16. gxh3 {[%emt 0:00:00]} Qxh3 {[%emt 0:00:01]} 17. Nh2 {[%emt 0:00:02]} f5 {[%emt 0:00:07]} 18. Qxd5+ {[%emt 0:00:01]} Kh8 {[%emt 0:00:02]} 19. Bf3 {[%emt 0:00:06]} Rad8 {[%emt 0:00:05]} 20. Qxb7 {[%emt 0:00:01]} Rf6 {[%emt 0:00:04]} 21. Kh1 {[%emt 0:00:04]} g5 {[%emt 0:00:06]} 22. Bg2 {[%emt 0:00:02]} Qh4 {[%emt 0:00:05]} 23. Be5 {[%emt 0:00:01]} Rdf8 {[%emt 0:00:02]} 24. Qe7 {[%emt 0:00:03]} g4 {[%emt 0:00:04]} 25. Bxe4 {[%emt 0:00:03]} fxe4 {[%emt 0:00:02]} 26. Bxf6+ {[%emt 0:00:00]} Qxf6 {[%emt 0:00:00]} 27. Qxf6+ {[%emt 0:00:01]} Rxf6 {[%emt 0:00:00]} 28. Nxg4 {[%emt 0:00:00]} Rf7 {[%emt 0:00:01]} 29. Rad1 {[%emt 0:00:01]} Kg7 {[%emt 0:00:00]} 30. Rd6 {[%emt 0:00:01]} h5 {[%emt 0:00:00]} 31. Ne5 {[%emt 0:00:01]} Re7 {[%emt 0:00:01]} 32. Nc6 {[%emt 0:00:01]} Kf7 {[%emt 0:00:00]} 33. Nxe7 {[%emt 0:00:01]} Kxe7 {[%emt 0:00:00]} 34. Rh6 {[%emt 0:00:01]} h4 {[%emt 0:00:01]} 35. Rxh4 {[%emt 0:00:00]} Ke6 {[%emt 0:00:01]} 36. Rxe4+ {[%emt 0:00:00]} Kd5 {[%emt 0:00:01]} 37. Rf4 {[%emt 0:00:00]} Kc5 {[%emt 0:00:00]} 38. Rd1 {[%emt 0:00:00]} Kb5 {[%emt 0:00:00]} 39. Rd5+ {[%emt 0:00:01]} Ka6 {[%emt 0:00:00]} 40. a4 {[%emt 0:00:01]} Kb7 {[%emt 0:00:00]} 41. a5 {[%emt 0:00:00]} Ka6 {[%emt 0:00:00]} 42. axb6 {[%emt 0:00:01]} axb6 {[%emt 0:00:00]} 43. Rf6 {[%emt 0:00:01]} Kb7 {[%emt 0:00:01]} 44. Rdd6 {[%emt 0:00:01]} Kc7 {[%emt 0:00:00]} 45. Rxb6 {[%emt 0:00:01]} Kd7 {[%emt 0:00:00]} 46. Rbe6 {[%emt 0:00:01]} Kc7 {[%emt 0:00:00]} 47. Re7+ {[%emt 0:00:00]} Kd8 {[%emt 0:00:01]} 48. Rh7 {[%emt 0:00:00]} Ke8 {[%emt 0:00:01]} 49. Ra6 {[%emt 0:00:00]} Kf8 {[%emt 0:00:00]} 50. Ra8# {[%emt 0:00:00] (Lag: Av=0.24s, max=0.7s)} 1-0